Rebusy z pierwiastków chemicznych - flora. - Statystyki

Ogólne statystyki
  • Ten quiz został rozwiązany 29 razy
  • Średni wynik to 19 z 25
Statystyki odpowiedzi
Wskazówka Odpowiedź % Poprawnych
bor, uran, potas buk
96%
węgiel, jod, siarka cis
92%
iryd, gal irga
92%
potas, glin, jod, sód kalina
92%
lit, protaktyn lipa
92%
bar, tlen, bar, bor baobab
88%
siarka, osm, sód sosna
85%
iryd, itr, siarka irys
81%
ruten, tantal ruta
81%
glin, tlen, einstein aloes
77%
lit, lantan, potas lilak
77%
tlen, wolfram, jod, einstein owies
77%
prazeodym, osm, tlen proso
77%
cer, bor, uran, lantan cebula
73%
wodór, jod, bizmut, siarka, potas, uran, siarka hibiskus
73%
bor, rad, tellur, potas bratek
69%
węgiel, itr, prazeodym, itr, siarka cyprys
69%
europ, potas, glin, jod, platyna, uran, siarka eukaliptus
69%
fosfor, lantan, tantal, azot platan
69%
rad, bar, rubid, argon rabarbar
69%
fluor, arsen, tlen, lantan fasola
65%
fosfor, jod, erb, wolfram, jod, osm, neon, potas pierwiosnek
65%
beryl, rubid, erb, itr, siarka berberys
58%
tantal, siarka, cynk, jod, potas tasznik
58%
tantal, radon, jod, sód tarnina
54%
Nie znaleziono quizów pasujących do podanych kryteriów
Rozkład punktacji
Procent ludzi z każdym wynikiem
Percentyl według liczby udzielonych odpowiedzi
Twoja historia wyników
Nie rozwiązałeś tego quizu